EG (Record no. 80928)
[ view plain ]
| 000 -LEADER | |
|---|---|
| fixed length control field | 00948cab a22002175a 4500 |
| 001 - CONTROL NUMBER | |
| control field | L145745 |
| 008 - FIXED-LENGTH DATA ELEMENTS--GENERAL INFORMATION | |
| fixed length control field | 080206e20081101xxk f 000 0 eng d |
| 035 ## - SYSTEM CONTROL NUMBER | |
| System control number | (Sirsi) u145745 |
| 041 0# - LANGUAGE CODE | |
| Language code of text/sound track or separate title | eng |
| 100 1# - MAIN ENTRY--PERSONAL NAME | |
| Personal name | Kivlehan, Noella Pio |
| 245 00 - TITLE STATEMENT | |
| Title | EG |
| Remainder of title | Industrial |
| 260 ## - PUBLICATION, DISTRIBUTION, ETC. | |
| Date of publication, distribution, etc. | 2008 |
| 490 ## - SERIES STATEMENT | |
| Series statement | Estates Gazette |
| Volume/sequential designation | (0843) 1 November 2008, 97-121(8) |
| 520 ## - SUMMARY, ETC. | |
| Summary, etc. | Reports on trends and major projects in industrial property. Reports on the EG European Industrial and Distribution Summit, with the current economic downturn dominating the agenda; discusses how falling car sales are leading to greater manufacturing efficiency and new opportunities for property and looks at the relative strength of the shed sector along the M27, where agents are confident of long term stability. |
| 590 ## - LOCAL NOTE (RLIN) | |
| Local note | KA |
| 651 #4 - SUBJECT ADDED ENTRY--GEOGRAPHIC NAME | |
| Geographic name | United Kingdom |
| Chronological subdivision | |
| 690 ## - LOCAL SUBJECT ADDED ENTRY--TOPICAL TERM (OCLC, RLIN) | |
| Topical term or geographic name as entry element | PROPERTY-INDUSTRIAL PROPERTY |
| 700 1# - ADDED ENTRY--PERSONAL NAME | |
| Personal name | Norman, Paul |
| 700 1# - ADDED ENTRY--PERSONAL NAME | |
| Personal name | Cunningham, Daniel |
| 942 ## - ADDED ENTRY ELEMENTS (KOHA) | |
| Suppress in OPAC | 0 |
| Withdrawn status | Lost status | Source of classification or shelving scheme | Damaged status | Not for loan | Home library | Current library | Shelving location | Date acquired | Total Checkouts | Full call number | Barcode | Date last seen | Copy number | Price effective from | Koha item type |
|---|---|---|---|---|---|---|---|---|---|---|---|---|---|---|---|
| Dewey Decimal Classification | London | London | Journal article | 05/11/2008 | L145745 | 145745-1001 | 06/08/2019 | 1 | 06/08/2019 | Journal article |